| 000 | 00671nam a2200217Ia 4500 | ||
|---|---|---|---|
| 003 | GCL | ||
| 008 | 140319s9999 xx 000 0 ara d | ||
| 040 |
_aGCL / _cGCL |
||
| 082 | 0 | 4 |
_a938 _bب ا |
| 100 | 1 | _aداونى، جلانفيل | |
| 245 | 1 | 0 |
_aانطاكية فى عهد ثيودوسيوس الكبير / _cداونى، جلانفيل |
| 260 |
_a[S.N] : _bمكتبة لبنان ، _c1968 |
||
| 300 | _a242 ص | ||
| 490 | _a | ||
| 650 | 0 | 4 | _aسوريا |
| 650 | 0 | 4 | _aسوريا القديمة |
| 650 | 0 | 4 | _aالامبراطورية الرومانية |
| 650 | 0 | 4 | _aالحكم الرومانى |
| 650 | 0 | 4 | _aاليونان القديمة |
| 942 |
_2ddc _cBK |
||
| 999 |
_c32419 _d32419 |
||